Score 0/20 Timer 02:00
3 Plays Today
Hint Answer % Correct
___ & GraceWill
95.5%
Mad ___ YouAbout
91.1%
My Name is ___Earl
88%
___ CourtNight
73.8%
Stark ___ MadRaving
72.5%
Gimme a ___Break
72.4%
Caroline in the ___City
67.7%
Good ___, MiamiMorning
66.9%
Family ___Ties
64.8%
Just ___ MeShoot
62.1%
Hint Answer % Correct
___ SusanSuddenly
61.3%
Veronica's ___Closet
58.7%
A Different ___World
51.5%
Dear ___John
50.2%
Mama's ___Family
49.8%
Buffalo ___Bill
48.4%
We Got It ___Made
46.5%
The Single ___Guy
46.2%
The ___ TruthNaked
33.3%
The ___ ShowCosby
25.8%

Today's Daily Dose

You're not logged in!

Compare scores with friends on all Sporcle quizzes.
OR
Log In

Sporcle TV

Today on Sporcle TV


Watch our educational content, quiz creation guides, and fun videos on Sporcle TV.

Show Comments

Extras

Top Quizzes Today


Score Distribution

Paid Content

Your Account Isn't Verified!

In order to create a playlist on Sporcle, you need to verify the email address you used during registration. Go to your Sporcle Settings to finish the process.

Report this User

Report this user for behavior that violates our Community Guidelines.

Details: